| 000 | 01674namaa22003251i 4500 | ||
|---|---|---|---|
| 005 | 20260228132054.0 | ||
| 008 | 260207s1996 ua a|||fr|m|| 000 0 eng d | ||
| 040 |
_aEG-GICUC _beng _cEG-GICUC _dEG-GICUC _erda |
||
| 041 | 0 |
_aeng _beng _bara |
|
| 049 | _aDeposit | ||
| 097 | _aM.Sc | ||
| 099 | _aCai01.13.07.M.Sc.1996.Ah.A | ||
| 100 | 0 |
_aAhmed Mohamed Attiya , _epreparation. |
|
| 245 | 1 | 0 |
_aAnalysis of arbitrary shape linear microstrip antennas : _bsingle element finite phase array, and infinite phase array structures / _cBy Ahmed Mohamed Attiya ; Supervised Prof. Dr. Mostafa Nour El- Deen Ismail Fahmy, Prof. Dr. Mostafa El- Said Mostafa, Prof. Dr. El- Hilaly M.A Eid. |
| 246 | 1 | 5 |
_aتحليل الهوائيات الشريطية ذات اشكال خطية مطلقة الاختيار : _bعنصر وحيد ومصفوفة محدودة متدرجة الطور ومصفوفة لا نهايية متدرجة الطور |
| 264 | 0 | _c1996 | |
| 300 |
_a304 pages : _billustrations ; _c25 cm. + |
||
| 336 |
_2rda content _atext |
||
| 337 |
_2rdamedia _aUnmediated |
||
| 338 |
_2rdacarrier _avolume |
||
| 502 | _a Thesis (M.Sc.)-Cairo University, 1996 | ||
| 504 | _aBibliography: pages 297-304. | ||
| 653 | 0 | _aStrip antennas | |
| 700 | 0 |
_aMostafa Nour El- Deen Ismail Fahmy _ethesis advisor. |
|
| 700 | 0 |
_aMostafa El- Said Mostafa _ethesis advisor. |
|
| 700 | 0 |
_aEl- Hilaly M.A Eid _ethesis advisor. |
|
| 900 |
_DDepartment of Electronics and Electrical Communications _FFaculty of Engieering _UCairo University _b1996 _cMostafa Nour El- Deen Ismail Fahmy _cMostafa El- Said Mostafa _cEl- Hilaly M.A Eid |
||
| 905 |
_aNagat _eNourhan |
||
| 942 |
_2ddc _cTH _e21 _n0 |
||
| 999 | _c178218 | ||